Flags of Netherlands Territories - Statistics

General Stats
  • This quiz has been taken 64 times
  • The average score is 5 of 6
Answer Stats
Picture Answer % Correct
Aruba
100%
Curacao
94%
Bonaire
86%
Saba
76%
Sint Maarten
73%
Sint Eustatius
69%
No matching quizzes found
Score Distribution
Percent of People with Each Score
Percentile by Number Answered
Your Score History
You have not taken this quiz